| 000 | 01220nam a2200217 i 4500 | ||
|---|---|---|---|
| 001 | 161290 | ||
| 003 | ES-MaACL | ||
| 005 | 20241214063030.0 | ||
| 008 | 931025s1762 sp a |||| | spa d | ||
| 100 | 1 |
_aPalafox y Mendoza, Juan de, _d1600-1659 _9239354 |
|
| 245 | 1 | 0 |
_aObras del ilustrissimo, excelentissimo y venerable siervo de Dios, Don Juan de Palafox y Mendoza... Obispo de la Puebla de los Angeles y de Osma... : _btomo X : tratados varios : Dictamenes..., Dialogo... de Alemania, Sitio y socorro de Fuente-Rabia, De la naturaleza del indio, Conquista de la China y Ortographia. |
| 260 |
_aEn Madrid : _ben la Imprenta de Don Gabriel Ramirez..., _c1762. |
||
| 300 |
_a[8], 525 p., [1] en bl. : _bil. ; _cFol. |
||
| 530 | _aDisponible en formato digital. | ||
| 597 | _aSign. : a4, A-Z4, 2A-2Z4, 3A-3S4, 3T-3V2, 3X3. | ||
| 597 | _aPort. con grab. calc. (alegórico) | ||
| 599 | _aLa il. es un grab. calc. : "Cruz inv. et sculp..", en p. 3. | ||
| 852 | 4 |
_aES-MaACL _jR-2016 _z- Enc. piel gofrada con hierros dorados, no original de la época |
|
| 856 | 4 |
_uhttps://bibliotecadigital.jcyl.es/es/consulta/registro.do?id=7243 _zBiblioteca Digital de Castilla y León |
|
| 999 |
_c161290 _d161290 |
||